Programming languages: design and implementation. / (Record no. 2514)

MARC details
000 -LEADER
fixed length control field 00940nam a22001817a 4500
008 - FIXED-LENGTH DATA ELEMENTS--GENERAL INFORMATION
fixed length control field 121113t xxu||||| |||| 00| 0 eng d
020 ## - INTERNATIONAL STANDARD BOOK NUMBER
International Standard Book Number 013730580x
050 ## - LIBRARY OF CONGRESS CALL NUMBER
Classification number QA76.7.P7
100 ## - MAIN ENTRY--PERSONAL NAME
Personal name Pratt, Terrence W.
245 ## - TITLE STATEMENT
Title Programming languages: design and implementation. /
Statement of responsibility, etc. Terrence W. Pratt
250 ## - EDITION STATEMENT
Edition statement 2nd ed.
260 ## - PUBLICATION, DISTRIBUTION, ETC.
Place of publication, distribution, etc. New Jersey:
Name of publisher, distributor, etc. Prentice-Hall,
Date of publication, distribution, etc. c1975.
300 ## - PHYSICAL DESCRIPTION
Extent xix,604 p.:
Other physical details ill.;
Dimensions 24cm.
500 ## - GENERAL NOTE
General note Includes index.
505 ## - FORMATTED CONTENTS NOTE
Formatted contents note Contents: Concepts: The Study of programming languages -- Programming language processors -- Elementary data types -- Structured data types -- Subprogrammer-defined data types -- Sequence control -- Data control -- Storage management -- Syntax and translation -- Operating and programming environments -- Theoretical models -- Languages: Fortran -- COBOL -- PL/I -- Pascal -- Ada -- LISP -- SNOBOL4 -- APL.
650 ## - SUBJECT ADDED ENTRY--TOPICAL TERM
Topical term following geographic name entry element Programming languages (Electronic computers)
942 ## - ADDED ENTRY ELEMENTS (KOHA)
Source of classification or shelving scheme Library of Congress Classification
Koha item type Books
Holdings
Withdrawn status Lost status Source of classification or shelving scheme Damaged status Not for loan Home library Current library Shelving location Date acquired Total Checkouts Full call number Barcode Date last seen Price effective from Koha item type
    Library of Congress Classification     WISCONSIN INTERNATIONAL UNIVERSITY COLLEGE, GHANA - MAIN LIBRARY WISCONSIN INTERNATIONAL UNIVERSITY COLLEGE, GHANA - MAIN LIBRARY Reference 13/11/2012   QA76.7.P7 6246/12 13/11/2012 13/11/2012 Books

If you have any concerns or questions; kindly contact the library


© Powered by WIUC ICT DIRECTORATE